00546cam a22002291 4500001001300000003000400013005001700017008004100034010001700075025002000092035002000112040002100132042001200153050001500165100001800180245002700198260001100225300001800236500001800254650002700272999001700299sa 65006976 DLC20260227112146.0940615s1964 ii 000 0 malo  asa 65006976  aPL480:I-Mal-621 a(OCoLC)30612596 aDLCcCUdCUdDLC apremarc00aHQ10b.J671 aJoseph, P. A.10aSantōṣabhavanaṃ. c[1964] a95 p.c19 cm. aIn Malayalam. 0aFamily life education. c64968d64968